| 000 | 00679nam a2200229 a 4500 | ||
|---|---|---|---|
| 001 | 53537 | ||
| 003 | BD-RjUL | ||
| 005 | 20211209075958.0 | ||
| 008 | 161017s1992 bg a f000 0 eng | ||
| 035 | _a(BD-RjUL)53659 | ||
| 040 |
_aDLC _cDLC _beng _dBD-RjUL |
||
| 041 | 1 | _aeng | |
| 082 | 0 | 0 |
_a372.412095492 _223 _bULO 1992 |
| 100 | 1 |
_aUllah, Mahfuz _9160020 |
|
| 245 | 1 | 0 |
_aOur school / _cMahfuz Ullah |
| 250 | _aEnglish ed. | ||
| 260 |
_aDhaka : _bBRAC, _c1992. |
||
| 300 |
_a105 p. : _bill. ; _c23 cm. |
||
| 650 | 0 |
_aSchool management and organization _zBangladesh _vCase studies. _9160021 |
|
| 650 | 0 |
_aEducation, Elementary _xHistory. _zBangladesh _9160366 |
|
| 942 |
_2ddc _cBK |
||
| 999 |
_c53537 _d53537 |
||